000 00322nam a22001337a 4500
003 SGT
082 _a617.522
_bE25A
100 _aAngel
245 _aEvaluation of internal fixation
_bpast, present & future
260 _bSGT University
_c2025
300 _a185
650 _aOral & Maxillofacial Surgery
942 _2ddc
_cTH
999 _c31384
_d31384